000 00520nam a2200205 a 4500
001 BRCA_5926
005 20190320205251.0
008 220311s--------it-b######---#000-0#ita-#
041 _aita.
044 _ait.
050 4 _aDG807
_b.R66
245 1 0 _aRoma: Mapa
260 _aItalia
_bEnrico Verdes
300 _a37 p.
_bils., maps.
_c16 cm.
500 _aMapa de la Cd. de Roma; Mapa inventariado como Libro por el Banco de México.
500 _aH156
651 4 _aRoma
_914974
902 _aGFM
942 _2lcc
_cB
999 _c5615
_d5615